00673nam a22002057a 450000700030000000800410000302000180004404000140006204100090007610000220008524500560010726000300016330000230019344000700021652101000028663000240038665000170041065000120042770000280043900160617b xxu||||| |||| 00| 0 eng d a2-7462-1106-8 aBUACcBUC aFre. aChaduc, Jean-Marc aLa gestion des fréquencesc/ par Jean-Marc Chaduc aParis :bLavoisier,c2005 a353 p.c24 cm.b , a(Collection Technique et Scientifique des Télécommunications) a Sources et Bibliogr. pp. (337 - 340) ; Glossaire : pp. (341 - 349) ; Index : pp. (351 - 353) aSCIENCES APPLIQUEES aFréquence  aGestion aFavennec, Pierre-Noöl